Top Surnames in Fiji - Statistics

General Stats
  • This quiz has been taken 10 times
  • The average score is 6 of 22
Answer Stats
Hint Fiji % Correct
Indian Singh
90%
Indian Prasad
50%
Indian Raj
50%
Indian Devi
40%
Indian Khan
40%
Indian Lal
40%
Indian Chand
30%
Indian Deo
30%
Indian Maharaj
30%
Indian Naidu
30%
Indian Sharma
30%
Indian Ali
20%
Indian Chandra
20%
Indian Kumar
20%
Indian Prakash
20%
Indian Reddy
20%
Na vosa vaka-Viti Waqa
20%
Indian Goundar
10%
Indian Lata
10%
Indian Nand
10%
Indian Narayan
10%
Indian Ram
10%
No matching quizzes found
Score Distribution
Percent of People with Each Score
Percentile by Number Answered
Your Score History
You have not taken this quiz